000 00675nam a2200217 4500
003 CO-ViMGA
020 _a9789583042027
040 _aCO-ViMGA
_bspa
_cCO-ViMGA
082 0 4 _aA862.6
090 _bP67p
100 1 _aPortorrico, Cristina.
_95697
245 1 0 _aLa payasa Margarita en el bosque encantado /
_cCristina Portorrico.
260 _aColombia:
_bPanamericana,
_c2013.
300 _a76 p. :
_bil. ; 21 cm.
490 _aColección de teatro infantil y juvenil.
500 _aContiene biografía.
650 1 4 _aTeatro argentino.
_95698
650 1 4 _aTeatro escolar e infantil argentino.
_95699
700 1 _aVioli, Daniela,
_d1952 - ,
_eil.
_95700
942 _cBK
_2ddc
999 _c36039
_d36039